| 000 | 00446 a2200145 4500 | ||
|---|---|---|---|
| 005 | 20250626061335.0 | ||
| 020 | _a978-9987-8741-1-5 | ||
| 082 | _a651.7 TAM | ||
| 100 | _aTAMBWE, M .A . | ||
| 245 | _aBusiness Communication: A Practical Guide | ||
| 260 |
_aDar es salaam, _bMam Consulting Ltd, _c2013. |
||
| 300 |
_av, 130p.: ill.; figure, picture, table, _bBibliography & references. _c29cm. |
||
| 700 | _aNKEBUKWA, L .L . | ||
| 942 |
_2ddc _cBKS |
||
| 999 |
_c5188 _d5188 |
||